000 00276nam a2200121Ia 4500
008 190216s9999||||xx |||||||||||||| ||und||
100 _aKumar S K
245 0 _aApollo`S Lyre
260 _bMacmillan India Ltd
_c1968
300 _a80p
650 _aEnglish Poetry
942 _cBK
999 _c13257
_d13257